| 000 | 00754nam a22002292 4500 | ||
|---|---|---|---|
| 001 | 0000001001 | ||
| 005 | 20151217155806.0 | ||
| 008 | 070223s xx 000 0 eng d | ||
| 020 | _a0804709815 : | ||
| 040 |
_aKABU _cKABU |
||
| 050 | 0 |
_aDT32.5 _b.G36 |
|
| 100 | 1 |
_aGann, L. H. _@0000149480 |
|
| 245 | 1 | 4 |
_aThe Ruler of British Africa 1870-1914 / _cL. H. Gann and Peter Duigan. |
| 260 |
_aStanford, California : _bStanford University Press, _c1978. |
||
| 300 | _axi, 406 p. | ||
| 650 | 0 |
_aGreat Britain _xColonies _xAdministration _zAfrica. _@0000149481 |
|
| 651 | 0 |
_aAfrica, Sub-Saharan _xHistory. _@0000149482 |
|
| 700 | 1 |
_aDuigann, Peter. _@0000149483 |
|
| 908 | _a070223 | ||
| 950 | _@1 | ||
| 999 |
_c12477 _d12477 |
||